000
00311nam a22001457a 4500
003
SGT
082
_a
340.1,PON
100
_a
POSNER,.A
245
_a
THE PROBLEMS OF JURISPRUDENCE
250
_a
1ST
260
_a
NEW DELHI
_b
UNIVERSAL BOOK
_c
2010
300
_a
485
650
_a
JURISPRUDENCE
942
_2
ddc
_c
BK
999
_c
9935
_d
9935